عرض عادي عرض مارك
  • Cardiovascular Diseases

مدخل مصطلح موضوعي

عدد التسجيلات المستخدمة في: 1

001 - رقم الضبط

  • حقل الضبط: 37817

003 - معرف رقم الضبط

  • حقل الضبط: OSt

005 - تاريخ ووقت أخر عملية

  • حقل الضبط: 20131016145445.0

008 - عناصر بيانات ثابتة الطول

  • حقل تحكم ثابت الطول: 131016|||a|||||| | ||| d

040 ## - مصدر الفهرسة

  • هيئة الفهرسة الأصلية: OSt
  • وكالة الكتابة: OSt

150 ## - مدخل-- مصطلح تاريخي

  • عنصر مدخل المصطلح الموضوعي او الاسم الجغرافي: Cardiovascular Diseases
  • تفريع عام: genetics
  • تفريع شكلي: Congresses.

670 ## - بيانات المصدر موجوده

  • الاستشهاد بالمصدر: Work cat.: (OSt)0: European Science Foundation. Workshop (2001 : Maastricht, Netherlands) 37813, Cardiovascular genomics :, c2002.